| 000 | 00990nam a22002417a 4500 | ||
|---|---|---|---|
| 999 |
_c200427583 _d45507 |
||
| 003 | TR-AnTOB | ||
| 005 | 20190322123624.0 | ||
| 008 | 171010b xxu||||| |||| 00| 0 tur d | ||
| 040 |
_aTR-AnTOB _beng _cTR-AnTOB _erda |
||
| 041 | _atur | ||
| 050 | _aHC495 .P83 D48 2017 | ||
| 090 |
_aHC495 _b.P83 D48 2017 |
||
| 245 |
_aKamu İç Denetçileri İçin Performans Denetimi Rehberi : _bVaka Çalışmaları / |
||
| 264 |
_aAnkara : _bİç Denetim Koordinasyon Kurulu, _c2016. |
||
| 300 |
_a160 pages : _c27.5 cm |
||
| 336 |
_2rdacontent _atext |
||
| 337 |
_2rdamedia _aunmediated |
||
| 338 |
_2rdacarrier _avolume |
||
| 505 |
_tA Üniversitesi Kütüphane Sürecinin Performans Denetimi _tA Belediyesi Otobüs İşletmeleri Sürecinin Performans Denetimi _tA Başkanlığı Acil Durum Çağrı Merkezi Performans Denetimi _tElektronik Sisteme Geçiş Programı Performans Denetimi |
||
| 590 | _aDonated by İç Denetim Koordinasyon Kurulu | ||
| 942 |
_2lcc _cBK |
||